[Event "European Women's Championship"]
[Site "Vysoke Tatry"]
[Date "2018.04.14"]
[Round "7"]
[White "Mamedjarova, Zeinab"]
[Black "Kursova, Maria"]
[Result "0-1"]
[Board "36"]
[WhiteElo "2355"]
[WhiteTitle "WGM"]
[WhiteCountry "AZE"]
[WhiteFideId "13401521"]
[WhiteEloChange "-12"]
[BlackElo "2278"]
[BlackTitle "WGM"]
[BlackCountry "ARM"]
[BlackFideId "4129709"]
[BlackEloChange "12"]

1. d4 {[%clk 1:30:57]} Nf6 {[%clk 1:30:55]} 2. e3 {[%clk 1:31:21]} d5 {[%clk
1:28:52]} 3. Bd3 {[%clk 1:30:44]} c5 {[%clk 1:20:24]} 4. Nf3 {[%clk 1:26:19]} Bg4
{[%clk 1:05:06]} 5. h3 {[%clk 1:24:40]} Bh5 {[%clk 1:05:18]} 6. b3 {[%clk
1:23:49]} Nc6 {[%clk 1:03:52]} 7. Bb2 {[%clk 1:24:08]} cxd4 {[%clk 1:02:55]} 8.
exd4 {[%clk 1:24:33]} e6 {[%clk 1:02:54]} 9. O-O {[%clk 1:24:44]} Bd6 {[%clk
0:56:15]} 10. Nbd2 {[%clk 1:24:33]} O-O {[%clk 0:55:41]} 11. a3 {[%clk 1:21:29]}
Rc8 {[%clk 0:53:53]} 12. Qe1 {[%clk 1:10:51]} Bg6 {[%clk 0:51:28]} 13. Ne5 {[%clk
1:05:36]} Bxd3 {[%clk 0:51:05]} 14. Nxd3 {[%clk 1:05:06]} Ne7 {[%clk 0:38:47]}
15. c4 {[%clk 1:03:15]} dxc4 {[%clk 0:30:03]} 16. bxc4 {[%clk 1:03:17]} Nf5
{[%clk 0:26:42]} 17. Rc1 {[%clk 0:59:25]} Be7 {[%clk 0:22:50]} 18. Nf3 {[%clk
0:59:19]} Re8 {[%clk 0:16:21]} 19. Nde5 {[%clk 0:58:30]} Nd7 {[%clk 0:16:09]} 20.
Ng4 {[%clk 0:49:01]} Bf8 {[%clk 0:15:30]} 21. Qe2 {[%clk 0:45:39]} Qa5 {[%clk
0:14:01]} 22. Rfd1 {[%clk 0:43:12]} Qa6 {[%clk 0:13:19]} 23. d5 {[%clk 0:40:20]}
exd5 {[%clk 0:07:50]} 24. Qd3 {[%clk 0:39:08]} Ne7 {[%clk 0:06:15]} 25. Nh4
{[%clk 0:33:23]} Nc5 {[%clk 0:06:13]} 26. Qg3 {[%clk 0:33:28]} Ne4 {[%clk
0:06:25]} 27. Qf3 {[%clk 0:22:46]} Rxc4 {[%clk 0:04:45]} 28. Rxc4 {[%clk
0:22:26]} Qxc4 {[%clk 0:05:12]} 29. Ne5 {[%clk 0:16:48]} Ng5 {[%clk 0:05:40]} 30.
Qh5 {[%clk 0:16:14]} Qc2 {[%clk 0:04:43]} 31. Bc1 {[%clk 0:08:08]} g6 {[%clk
0:04:36]} 32. Qg4 {[%clk 0:08:32]} h5 {[%clk 0:04:43]} 33. Qxg5 {[%clk 0:06:47]}
Qxd1+ {[%clk 0:05:02]} 34. Kh2 {[%clk 0:07:15]} Bg7 {[%clk 0:05:04]} 35. Nd7
{[%clk 0:06:04]} Qe1 {[%clk 0:05:21]} 36. Be3 {[%clk 0:06:01]} Qc3 {[%clk
0:03:37]} 37. Bc5 {[%clk 0:01:55]} b6 {[%clk 0:01:58]} 38. Bd6 {[%clk 0:02:24]}
Nc8 {[%clk 0:01:48]} 39. Bg3 {[%clk 0:02:01]} Qc6 {[%clk 0:01:43]} 40. Ne5 {[%clk
0:30:56]} Qe6 {[%clk 0:31:27]} 41. Nd3 {[%clk 0:27:23]} Ne7 {[%clk 0:27:11]} 42.
Qc1 {[%clk 0:25:24]} Nf5 {[%clk 0:24:51]} 43. Nxf5 {[%clk 0:25:09]} Qxf5 {[%clk
0:25:17]} 44. Qc6 {[%clk 0:24:53]} Rd8 {[%clk 0:22:38]} 0-1

[Event "European Women's Championship"]
[Site "Vysoke Tatry"]
[Date "2018.04.14"]
[Round "7"]
[White "Stetsko, Lanita"]
[Black "Balajayeva, Khanim"]
[Result "0-1"]
[Board "37"]
[WhiteElo "2164"]
[WhiteTitle "FM"]
[WhiteCountry "BLR"]
[WhiteFideId "13505300"]
[WhiteEloChange "-5"]
[BlackElo "2348"]
[BlackTitle "WFM"]
[BlackCountry "AZE"]
[BlackFideId "13406396"]
[BlackEloChange "5"]

1. e4 {[%clk 1:30:56]} e5 {[%clk 1:30:57]} 2. Nf3 {[%clk 1:31:20]} Nc6 {[%clk
1:31:24]} 3. Bb5 {[%clk 1:31:42]} a6 {[%clk 1:31:50]} 4. Ba4 {[%clk 1:32:06]} Nf6
{[%clk 1:32:16]} 5. O-O {[%clk 1:32:26]} Be7 {[%clk 1:32:44]} 6. Re1 {[%clk
1:32:48]} b5 {[%clk 1:33:11]} 7. Bb3 {[%clk 1:33:10]} d6 {[%clk 1:33:36]} 8. c3
{[%clk 1:33:31]} O-O {[%clk 1:33:46]} 9. h3 {[%clk 1:33:54]} Bb7 {[%clk 1:33:13]}
10. d4 {[%clk 1:33:07]} Nd7 {[%clk 1:33:16]} 11. a4 {[%clk 1:32:56]} Na5 {[%clk
1:32:48]} 12. Bc2 {[%clk 1:33:07]} c5 {[%clk 1:32:44]} 13. d5 {[%clk 1:32:59]}
Qc7 {[%clk 1:32:41]} 14. b3 {[%clk 1:31:59]} c4 {[%clk 1:29:19]} 15. b4 {[%clk
1:17:42]} Nb3 {[%clk 1:29:43]} 16. Bxb3 {[%clk 1:14:30]} cxb3 {[%clk 1:30:00]}
17. axb5 {[%clk 1:05:15]} axb5 {[%clk 1:29:54]} 18. Rxa8 {[%clk 1:05:37]} Bxa8
{[%clk 1:29:51]} 19. g4 {[%clk 0:42:49]} h5 {[%clk 1:09:28]} 20. Qxb3 {[%clk
0:38:09]} hxg4 {[%clk 1:01:25]} 21. hxg4 {[%clk 0:37:40]} f5 {[%clk 0:57:45]} 22.
gxf5 {[%clk 0:35:34]} g6 {[%clk 0:57:48]} 23. Bg5 {[%clk 0:30:01]} Qd8 {[%clk
0:56:14]} 24. Bh6 {[%clk 0:20:47]} Rf7 {[%clk 0:51:27]} 25. c4 {[%clk 0:21:06]}
gxf5 {[%clk 0:49:37]} 26. exf5 {[%clk 0:21:21]} Rh7 {[%clk 0:45:06]} 27. Qe3
{[%clk 0:18:58]} bxc4 {[%clk 0:43:17]} 28. Nc3 {[%clk 0:19:12]} Nf6 {[%clk
0:39:06]} 29. Ng5 {[%clk 0:13:23]} Ng4 {[%clk 0:37:58]} 30. Qg3 {[%clk 0:12:45]}
Bxg5 {[%clk 0:36:27]} 31. Qxg4 {[%clk 0:11:56]} Rxh6 {[%clk 0:36:54]} 32. f4
{[%clk 0:10:49]} exf4 {[%clk 0:35:24]} 33. Qe2 {[%clk 0:05:00]} Bf6 {[%clk
0:27:49]} 34. Qg4+ {[%clk 0:05:08]} Kh7 {[%clk 0:25:12]} 35. Re6 {[%clk 0:02:41]}
Qg8 {[%clk 0:22:46]} 36. Qxg8+ {[%clk 0:02:34]} Kxg8 {[%clk 0:23:13]} 37. Kg2
{[%clk 0:02:08]} Kg7 {[%clk 0:23:17]} 38. Rxd6 {[%clk 0:00:42]} Bxc3 {[%clk
0:23:13]} 39. Rd7+ {[%clk 0:01:03]} Kf6 {[%clk 0:23:12]} 0-1

[Event "European Women's Championship"]
[Site "Vysoke Tatry"]
[Date "2018.04.14"]
[Round "7"]
[White "Arakhamia-Grant, Ketevan"]
[Black "Manakova, Maria"]
[Result "1-0"]
[Board "38"]
[WhiteElo "2347"]
[WhiteTitle "GM"]
[WhiteCountry "SCO"]
[WhiteFideId "13600168"]
[WhiteEloChange "8"]
[BlackElo "2268"]
[BlackTitle "WGM"]
[BlackCountry "SRB"]
[BlackFideId "927007"]
[BlackEloChange "-8"]

1. e4 {[%clk 1:30:57]} e6 {[%clk 1:27:49]} 2. d4 {[%clk 1:31:19]} d5 {[%clk
1:28:15]} 3. Nc3 {[%clk 1:31:43]} Nf6 {[%clk 1:28:34]} 4. e5 {[%clk 1:32:07]}
Nfd7 {[%clk 1:28:59]} 5. f4 {[%clk 1:32:33]} c5 {[%clk 1:29:25]} 6. Nf3 {[%clk
1:33:01]} Nc6 {[%clk 1:29:50]} 7. Be3 {[%clk 1:33:24]} Be7 {[%clk 1:29:52]} 8.
Qd2 {[%clk 1:33:41]} a6 {[%clk 1:29:43]} 9. Be2 {[%clk 1:33:32]} O-O {[%clk
1:26:33]} 10. O-O {[%clk 1:33:47]} b5 {[%clk 1:18:24]} 11. a3 {[%clk 1:33:15]}
Bb7 {[%clk 1:09:55]} 12. Nd1 {[%clk 1:33:12]} cxd4 {[%clk 1:08:41]} 13. Nxd4
{[%clk 1:33:31]} Nxd4 {[%clk 1:06:51]} 14. Bxd4 {[%clk 1:33:46]} f5 {[%clk
1:05:53]} 15. exf6 {[%clk 1:20:01]} Bxf6 {[%clk 1:05:36]} 16. Bg4 {[%clk
1:08:13]} Bxd4+ {[%clk 1:05:12]} 17. Qxd4 {[%clk 1:08:36]} Qf6 {[%clk 1:04:45]}
18. Qxf6 {[%clk 0:58:05]} Rxf6 {[%clk 1:04:58]} 19. Nf2 {[%clk 0:58:27]} a5
{[%clk 0:36:50]} 20. Nd3 {[%clk 0:57:58]} Ba6 {[%clk 0:34:57]} 21. Rfe1 {[%clk
0:48:11]} Re8 {[%clk 0:33:44]} 22. b4 {[%clk 0:47:50]} a4 {[%clk 0:33:32]} 23.
Re2 {[%clk 0:47:33]} Bc8 {[%clk 0:31:18]} 24. g3 {[%clk 0:42:03]} g6 {[%clk
0:29:01]} 25. h4 {[%clk 0:37:16]} Nb6 {[%clk 0:27:26]} 26. Ne5 {[%clk 0:36:28]}
Kg7 {[%clk 0:21:00]} 27. Rd1 {[%clk 0:34:50]} h5 {[%clk 0:14:18]} 28. Bh3 {[%clk
0:24:59]} Kf8 {[%clk 0:09:19]} 29. Kf2 {[%clk 0:17:45]} Ke7 {[%clk 0:07:16]} 30.
Re3 {[%clk 0:15:21]} Bd7 {[%clk 0:06:06]} 31. Rc3 {[%clk 0:09:33]} Rc8 {[%clk
0:06:11]} 32. Rxc8 {[%clk 0:09:40]} Nxc8 {[%clk 0:03:04]} 33. Nxd7 {[%clk
0:07:19]} Kxd7 {[%clk 0:03:33]} 34. Rxd5+ {[%clk 0:07:40]} Nd6 {[%clk 0:03:58]}
35. Ke2 {[%clk 0:06:59]} Kc6 {[%clk 0:03:08]} 36. Rc5+ {[%clk 0:03:54]} Kb6
{[%clk 0:03:31]} 37. Re5 {[%clk 0:02:42]} Nf5 {[%clk 0:03:21]} 38. Kf2 {[%clk
0:01:25]} Nd4 {[%clk 0:02:44]} 39. Bf1 {[%clk 0:01:43]} Rf5 {[%clk 0:02:08]} 40.
Bd3 {[%clk 0:30:41]} Rxe5 {[%clk 0:31:23]} 41. fxe5 {[%clk 0:31:05]} Nc6 {[%clk
0:30:48]} 42. Bxg6 {[%clk 0:11:43]} Nxb4 {[%clk 0:30:47]} 43. c3 {[%clk 0:10:49]}
Nd5 {[%clk 0:25:26]} 44. Bxh5 {[%clk 0:09:57]} Nxc3 {[%clk 0:25:44]} 45. Bf7
{[%clk 0:10:09]} Kc5 {[%clk 0:16:35]} 46. h5 {[%clk 0:10:20]} Ne4+ {[%clk
0:16:46]} 47. Ke3 {[%clk 0:10:32]} Nxg3 {[%clk 0:13:41]} 48. Kd3 {[%clk 0:07:37]}
Nf5 {[%clk 0:05:31]} 49. Bxe6 {[%clk 0:07:54]} Nd4 {[%clk 0:05:10]} 50. Bg8
{[%clk 0:07:06]} Nf5 {[%clk 0:03:11]} 51. Kc3 {[%clk 0:06:18]} Nh6 {[%clk
0:01:11]} 52. Be6 {[%clk 0:06:22]} Kb6 {[%clk 0:01:10]} 53. Kb4 {[%clk 0:02:14]}
Kc6 {[%clk 0:01:31]} 54. Bh3 {[%clk 0:02:07]} Ng8 {[%clk 0:01:06]} 55. Bg2+
{[%clk 0:01:46]} Kb6 {[%clk 0:00:43]} 56. Bd5 {[%clk 0:01:28]} Ne7 {[%clk
0:01:04]} 57. Be4 {[%clk 0:01:44]} Ng8 {[%clk 0:01:29]} 58. Bf3 {[%clk 0:01:26]}
Nh6 {[%clk 0:01:26]} 59. e6 {[%clk 0:00:56]} Kc7 {[%clk 0:00:41]} 60. Kxb5 {[%clk
0:00:42]} Kd6 {[%clk 0:01:02]} 61. Kxa4 {[%clk 0:00:44]} Kxe6 {[%clk 0:01:21]}
62. Kb5 {[%clk 0:00:53]} Nf7 {[%clk 0:01:32]} 63. a4 {[%clk 0:01:02]} Nd6+ {[%clk
0:01:49]} 64. Kc5 {[%clk 0:01:17]} Nf7 {[%clk 0:00:32]} 65. Bd5+ {[%clk 0:01:36]}
1-0

[Event "European Women's Championship"]
[Site "Vysoke Tatry"]
[Date "2018.04.14"]
[Round "7"]
[White "Cosma, Elena-Luminita"]
[Black "Sandu, Mihaela"]
[Result "1-0"]
[Board "39"]
[WhiteElo "2340"]
[WhiteTitle "WGM"]
[WhiteCountry "ROU"]
[WhiteFideId "1201590"]
[WhiteEloChange "7"]
[BlackElo "2240"]
[BlackTitle "WGM"]
[BlackCountry "ROU"]
[BlackFideId "1204327"]
[BlackEloChange "-7"]

1. Nf3 {[%clk 1:30:57]} Nf6 {[%clk 1:30:40]} 2. g3 {[%clk 1:31:21]} d5 {[%clk
1:30:55]} 3. Bg2 {[%clk 1:31:46]} e6 {[%clk 1:30:48]} 4. d4 {[%clk 1:31:20]} b5
{[%clk 1:31:04]} 5. O-O {[%clk 1:31:27]} Bb7 {[%clk 1:30:38]} 6. c3 {[%clk
1:31:39]} Nbd7 {[%clk 1:28:12]} 7. a4 {[%clk 1:29:52]} b4 {[%clk 1:28:27]} 8. a5
{[%clk 1:28:49]} c5 {[%clk 1:25:36]} 9. dxc5 {[%clk 1:22:13]} Bxc5 {[%clk
1:15:57]} 10. cxb4 {[%clk 1:20:16]} Be7 {[%clk 1:15:05]} 11. a6 {[%clk 1:06:00]}
Bc6 {[%clk 1:08:45]} 12. Nd4 {[%clk 0:50:02]} Qb6 {[%clk 1:07:28]} 13. Na3 {[%clk
0:34:54]} Rc8 {[%clk 0:43:46]} 14. Nxc6 {[%clk 0:33:47]} Qxc6 {[%clk 0:41:38]}
15. b5 {[%clk 0:33:17]} Qb6 {[%clk 0:41:09]} 16. Be3 {[%clk 0:33:21]} Bc5 {[%clk
0:41:33]} 17. Rc1 {[%clk 0:33:07]} O-O {[%clk 0:41:49]} 18. Rxc5 {[%clk 0:31:02]}
Nxc5 {[%clk 0:42:02]} 19. b4 {[%clk 0:31:21]} Nfd7 {[%clk 0:42:16]} 20. Qb1
{[%clk 0:28:46]} Qd6 {[%clk 0:41:33]} 21. bxc5 {[%clk 0:28:14]} Nxc5 {[%clk
0:41:49]} 22. Qb4 {[%clk 0:24:28]} e5 {[%clk 0:37:36]} 23. Rd1 {[%clk 0:13:32]}
d4 {[%clk 0:37:37]} 24. Bc1 {[%clk 0:11:28]} Qe6 {[%clk 0:36:23]} 25. Bc6 {[%clk
0:07:39]} Nxa6 {[%clk 0:35:23]} 26. Qc4 {[%clk 0:08:04]} Nb8 {[%clk 0:35:39]} 27.
Qxe6 {[%clk 0:08:09]} fxe6 {[%clk 0:36:06]} 28. Be4 {[%clk 0:07:01]} Nd7 {[%clk
0:25:39]} 29. Bd2 {[%clk 0:06:44]} Nb6 {[%clk 0:24:06]} 30. Bb7 {[%clk 0:04:32]}
Rc7 {[%clk 0:19:53]} 31. Bc6 {[%clk 0:04:51]} a6 {[%clk 0:17:20]} 32. Bb4 {[%clk
0:03:17]} Rd8 {[%clk 0:17:38]} 33. Ba5 {[%clk 0:03:14]} Rb8 {[%clk 0:17:55]} 34.
Bxb6 {[%clk 0:00:52]} Rxb6 {[%clk 0:18:19]} 35. Nc4 {[%clk 0:01:17]} Rb8 {[%clk
0:18:34]} 36. Nxe5 {[%clk 0:01:40]} axb5 {[%clk 0:18:56]} 37. Bd7 {[%clk
0:01:12]} Rb6 {[%clk 0:15:13]} 38. Rxd4 {[%clk 0:01:37]} b4 {[%clk 0:15:04]} 39.
Bxe6+ {[%clk 0:01:54]} Kf8 {[%clk 0:14:03]} 40. Nd7+ {[%clk 0:32:13]} Rxd7 {[%clk
0:44:30]} 41. Bxd7 {[%clk 0:32:32]} b3 {[%clk 0:44:50]} 42. Bf5 {[%clk 0:32:43]}
b2 {[%clk 0:45:14]} 43. Rd1 {[%clk 0:32:58]} Rc6 {[%clk 0:45:29]} 44. Rb1 {[%clk
0:33:15]} 1-0

[Event "European Women's Championship"]
[Site "Vysoke Tatry"]
[Date "2018.04.14"]
[Round "7"]
[White "Gara, Ticia"]
[Black "Rodshtein, Tereza"]
[Result "1-0"]
[Board "40"]
[WhiteElo "2330"]
[WhiteTitle "WGM"]
[WhiteCountry "HUN"]
[WhiteFideId "717444"]
[WhiteEloChange "7"]
[BlackElo "2226"]
[BlackTitle "WGM"]
[BlackCountry "CZE"]
[BlackFideId "325449"]
[BlackEloChange "-7"]

1. c4 {[%clk 1:30:56]} c6 {[%clk 1:30:36]} 2. e4 {[%clk 1:31:09]} d5 {[%clk
1:31:01]} 3. exd5 {[%clk 1:31:35]} cxd5 {[%clk 1:31:26]} 4. d4 {[%clk 1:32:01]}
Nf6 {[%clk 1:30:36]} 5. Nc3 {[%clk 1:32:23]} Nc6 {[%clk 1:29:36]} 6. Bg5 {[%clk
1:32:24]} Qb6 {[%clk 1:20:54]} 7. cxd5 {[%clk 0:57:52]} Qxb2 {[%clk 1:05:04]} 8.
Rc1 {[%clk 0:55:24]} Nb4 {[%clk 1:00:33]} 9. Bb5+ {[%clk 0:47:45]} Bd7 {[%clk
0:56:52]} 10. Bxd7+ {[%clk 0:46:37]} Nxd7 {[%clk 0:56:27]} 11. Nge2 {[%clk
0:45:16]} h6 {[%clk 0:52:40]} 12. Be3 {[%clk 0:37:06]} Nxa2 {[%clk 0:51:13]} 13.
Rc2 {[%clk 0:34:18]} Nxc3 {[%clk 0:51:25]} 14. Nxc3 {[%clk 0:34:45]} Qb3 {[%clk
0:51:24]} 15. O-O {[%clk 0:31:37]} e5 {[%clk 0:38:13]} 16. dxe6 {[%clk 0:27:23]}
Nf6 {[%clk 0:37:16]} 17. exf7+ {[%clk 0:26:12]} Kxf7 {[%clk 0:35:56]} 18. Ne4
{[%clk 0:23:52]} Be7 {[%clk 0:28:28]} 19. Nxf6 {[%clk 0:23:01]} gxf6 {[%clk
0:27:58]} 20. Qh5+ {[%clk 0:23:07]} Ke6 {[%clk 0:26:45]} 21. Re2 {[%clk 0:18:41]}
Kd7 {[%clk 0:26:52]} 22. d5 {[%clk 0:16:45]} Qd3 {[%clk 0:26:56]} 23. d6 {[%clk
0:13:38]} Bd8 {[%clk 0:26:56]} 24. Qf7+ {[%clk 0:09:16]} Kc8 {[%clk 0:25:02]} 25.
Rc1+ {[%clk 0:08:32]} Kb8 {[%clk 0:25:02]} 26. Qd7 {[%clk 0:07:20]} 1-0

[Event "European Women's Championship"]
[Site "Vysoke Tatry"]
[Date "2018.04.14"]
[Round "7"]
[White "Charochkina, Daria"]
[Black "Antolak, Julia"]
[Result "1/2-1/2"]
[Board "41"]
[WhiteElo "2326"]
[WhiteTitle "IM"]
[WhiteCountry "RUS"]
[WhiteFideId "4180917"]
[WhiteEloChange "-3"]
[BlackElo "2212"]
[BlackTitle "WFM"]
[BlackCountry "POL"]
[BlackFideId "1159569"]
[BlackEloChange "3"]

1. e4 {[%clk 1:30:59]} c5 {[%clk 1:30:52]} 2. Nf3 {[%clk 1:31:25]} d6 {[%clk
1:31:09]} 3. c3 {[%clk 1:31:26]} g6 {[%clk 1:25:00]} 4. d4 {[%clk 1:30:10]} cxd4
{[%clk 1:24:55]} 5. cxd4 {[%clk 1:30:29]} Bg7 {[%clk 1:24:19]} 6. h3 {[%clk
1:30:35]} Nf6 {[%clk 1:22:05]} 7. Nc3 {[%clk 1:30:52]} O-O {[%clk 1:21:17]} 8.
Be2 {[%clk 1:30:24]} d5 {[%clk 1:11:15]} 9. e5 {[%clk 1:29:15]} Ne4 {[%clk
1:11:26]} 10. Qb3 {[%clk 1:29:35]} Nxc3 {[%clk 1:06:37]} 11. bxc3 {[%clk
1:29:19]} Nc6 {[%clk 1:06:26]} 12. Ba3 {[%clk 1:24:34]} f6 {[%clk 0:59:48]} 13.
O-O {[%clk 1:17:04]} Rb8 {[%clk 0:39:45]} 14. Rfe1 {[%clk 0:55:07]} a6 {[%clk
0:30:05]} 15. Bd3 {[%clk 0:50:36]} fxe5 {[%clk 0:24:18]} 16. Nxe5 {[%clk
0:50:58]} Nxe5 {[%clk 0:24:12]} 17. dxe5 {[%clk 0:51:13]} Be6 {[%clk 0:23:07]}
18. Qb4 {[%clk 0:49:26]} Rf7 {[%clk 0:20:53]} 19. h4 {[%clk 0:47:08]} Qc7 {[%clk
0:16:46]} 20. Qc5 {[%clk 0:38:55]} Rc8 {[%clk 0:15:29]} 21. Qxc7 {[%clk 0:35:34]}
Rxc7 {[%clk 0:15:54]} 22. Bb4 {[%clk 0:35:55]} Bf5 {[%clk 0:13:37]} 23. Bf1
{[%clk 0:35:59]} Bc2 {[%clk 0:11:37]} 24. Rac1 {[%clk 0:32:09]} Ba4 {[%clk
0:10:05]} 25. Ba5 {[%clk 0:30:25]} Rc6 {[%clk 0:09:07]} 26. g3 {[%clk 0:23:56]}
e6 {[%clk 0:07:51]} 27. c4 {[%clk 0:23:09]} dxc4 {[%clk 0:06:38]} 28. Rxc4 {[%clk
0:21:02]} Bb5 {[%clk 0:06:38]} 29. Rxc6 {[%clk 0:23:30]} bxc6 {[%clk 0:06:38]}
30. f4 {[%clk 0:13:12]} Bf8 {[%clk 0:04:26]} 31. Rc1 {[%clk 0:09:58]} Rb7 {[%clk
0:02:46]} 32. Bg2 {[%clk 0:04:39]} Rb8 {[%clk 0:02:23]} 33. Rc2 {[%clk 0:04:06]}
c5 {[%clk 0:01:59]} 34. Bf1 {[%clk 0:04:01]} Rc8 {[%clk 0:01:15]} 35. Bc4 {[%clk
0:03:17]} Kf7 {[%clk 0:01:24]} 36. Kf2 {[%clk 0:03:23]} Be7 {[%clk 0:00:58]} 37.
Ke3 {[%clk 0:03:55]} h6 {[%clk 0:00:43]} 38. Kd3 {[%clk 0:03:49]} Rb8 {[%clk
0:00:38]} 39. Rd2 {[%clk 0:01:16]} Bd8 {[%clk 0:30:48]} 40. Bc3 {[%clk 0:30:43]}
Be7 {[%clk 0:31:06]} 41. Ba5 {[%clk 0:24:25]} Bd8 {[%clk 0:24:43]} 42. Bc3 {[%clk
0:24:37]} Be7 {[%clk 0:19:41]} 1/2-1/2

[Event "European Women's Championship"]
[Site "Vysoke Tatry"]
[Date "2018.04.14"]
[Round "7"]
[White "Chernyak, Viktoria"]
[Black "Warakomska, Anna"]
[Result "0-1"]
[Board "42"]
[WhiteElo "2196"]
[WhiteTitle "WFM"]
[WhiteCountry "RUS"]
[WhiteFideId "24165956"]
[WhiteEloChange "-7"]
[BlackElo "2306"]
[BlackTitle "WIM"]
[BlackCountry "POL"]
[BlackFideId "1130790"]
[BlackEloChange "7"]

1. d4 {[%clk 1:30:58]} d5 {[%clk 1:30:08]} 2. c4 {[%clk 1:30:27]} c6 {[%clk
1:30:35]} 3. Nc3 {[%clk 1:30:37]} Nf6 {[%clk 1:30:42]} 4. e3 {[%clk 1:30:17]} e6
{[%clk 1:30:50]} 5. Nf3 {[%clk 1:30:32]} Nbd7 {[%clk 1:30:52]} 6. Qc2 {[%clk
1:30:03]} Bd6 {[%clk 1:30:06]} 7. Bd3 {[%clk 1:29:57]} O-O {[%clk 1:29:58]} 8.
O-O {[%clk 1:29:34]} dxc4 {[%clk 1:30:05]} 9. Bxc4 {[%clk 1:29:52]} b5 {[%clk
1:30:31]} 10. Bd3 {[%clk 1:26:29]} Bb7 {[%clk 1:30:39]} 11. a3 {[%clk 1:25:20]}
Rc8 {[%clk 1:30:45]} 12. Ng5 {[%clk 1:16:34]} c5 {[%clk 1:17:27]} 13. Nxb5 {[%clk
1:07:35]} Bxh2+ {[%clk 1:10:29]} 14. Kxh2 {[%clk 1:04:14]} Ng4+ {[%clk 1:10:43]}
15. Kg1 {[%clk 0:57:07]} Qxg5 {[%clk 1:11:02]} 16. f3 {[%clk 0:55:17]} cxd4
{[%clk 0:54:16]} 17. Qe2 {[%clk 0:53:00]} Nge5 {[%clk 0:35:28]} 18. e4 {[%clk
0:43:18]} Qe7 {[%clk 0:34:27]} 19. Nxd4 {[%clk 0:40:20]} Qd6 {[%clk 0:30:49]} 20.
Be3 {[%clk 0:38:44]} Nxd3 {[%clk 0:31:14]} 21. Nb5 {[%clk 0:39:12]} Nf4 {[%clk
0:29:22]} 22. Nxd6 {[%clk 0:39:10]} Nxe2+ {[%clk 0:29:48]} 23. Kf2 {[%clk
0:39:38]} Rc2 {[%clk 0:27:47]} 24. Nxb7 {[%clk 0:38:06]} Nf4+ {[%clk 0:27:27]}
25. Kg1 {[%clk 0:37:26]} Rxg2+ {[%clk 0:27:01]} 26. Kh1 {[%clk 0:37:52]} Rxb2
{[%clk 0:27:27]} 27. Bxf4 {[%clk 0:37:48]} Rxb7 {[%clk 0:27:53]} 28. Rfd1 {[%clk
0:38:08]} e5 {[%clk 0:26:08]} 29. Bg3 {[%clk 0:38:31]} f5 {[%clk 0:23:52]} 30.
Rd5 {[%clk 0:38:36]} Nf6 {[%clk 0:11:32]} 31. Rxe5 {[%clk 0:37:06]} fxe4 {[%clk
0:11:59]} 32. fxe4 {[%clk 0:37:31]} Rb3 {[%clk 0:12:26]} 33. Kg2 {[%clk 0:37:18]}
Ng4 {[%clk 0:11:53]} 34. Rc5 {[%clk 0:35:36]} h6 {[%clk 0:10:18]} 35. Rc7 {[%clk
0:35:20]} Rff3 {[%clk 0:09:48]} 36. Bd6 {[%clk 0:33:48]} Rfd3 {[%clk 0:07:50]}
37. Bc5 {[%clk 0:31:23]} Rd2+ {[%clk 0:05:24]} 38. Kf1 {[%clk 0:26:22]} Nh2+
{[%clk 0:05:46]} 39. Ke1 {[%clk 0:26:14]} Nf3+ {[%clk 0:01:53]} 40. Kf1 {[%clk
0:56:43]} Nh2+ {[%clk 0:32:05]} 41. Ke1 {[%clk 0:56:26]} Rbb2 {[%clk 0:31:15]}
42. Rc8+ {[%clk 0:52:04]} Kh7 {[%clk 0:30:46]} 43. Rf8 {[%clk 0:52:22]} Re2+
{[%clk 0:24:43]} 44. Kd1 {[%clk 0:52:42]} Ng4 {[%clk 0:24:17]} 45. Bxa7 {[%clk
0:51:37]} Rbd2+ {[%clk 0:24:10]} 46. Kc1 {[%clk 0:52:03]} Ne5 {[%clk 0:24:28]}
0-1

[Event "European Women's Championship"]
[Site "Vysoke Tatry"]
[Date "2018.04.14"]
[Round "7"]
[White "Doluhanova, Evgeniya"]
[Black "Arda, Cagil Irmak"]
[Result "0-1"]
[Board "43"]
[WhiteElo "2304"]
[WhiteTitle "WGM"]
[WhiteCountry "UKR"]
[WhiteFideId "14112035"]
[WhiteEloChange "-13"]
[BlackElo "2199"]
[BlackTitle "WFM"]
[BlackCountry "TUR"]
[BlackFideId "6351700"]
[BlackEloChange "13"]

1. e4 {[%clk 1:30:56]} e6 {[%clk 1:30:18]} 2. b3 {[%clk 1:30:09]} d5 {[%clk
1:29:32]} 3. Bb2 {[%clk 1:30:14]} Nf6 {[%clk 1:28:32]} 4. e5 {[%clk 1:27:49]}
Nfd7 {[%clk 1:28:53]} 5. Qg4 {[%clk 1:27:46]} c5 {[%clk 1:27:57]} 6. f4 {[%clk
1:27:51]} Nc6 {[%clk 1:27:07]} 7. Nf3 {[%clk 1:26:50]} a6 {[%clk 1:25:57]} 8. Be2
{[%clk 1:18:59]} g6 {[%clk 1:25:07]} 9. Qg3 {[%clk 1:05:49]} Bg7 {[%clk 1:17:11]}
10. d4 {[%clk 1:02:37]} cxd4 {[%clk 1:09:24]} 11. Nxd4 {[%clk 0:56:49]} Qb6
{[%clk 1:08:43]} 12. Qf2 {[%clk 0:52:10]} Bf8 {[%clk 1:06:56]} 13. Nd2 {[%clk
0:49:16]} Bc5 {[%clk 1:03:18]} 14. N2f3 {[%clk 0:46:42]} Ndb8 {[%clk 1:02:54]}
15. O-O {[%clk 0:39:29]} Bd7 {[%clk 0:59:09]} 16. Rfd1 {[%clk 0:32:08]} Nxd4
{[%clk 0:58:12]} 17. Bxd4 {[%clk 0:32:03]} Bxd4 {[%clk 0:58:34]} 18. Nxd4 {[%clk
0:28:52]} Nc6 {[%clk 0:58:16]} 19. Rac1 {[%clk 0:26:48]} Nxd4 {[%clk 0:53:37]}
20. Rxd4 {[%clk 0:22:39]} Rc8 {[%clk 0:53:14]} 21. Bf3 {[%clk 0:12:06]} Rc3
{[%clk 0:43:56]} 22. Qd2 {[%clk 0:06:46]} Qc7 {[%clk 0:42:13]} 23. Be2 {[%clk
0:07:00]} b5 {[%clk 0:36:00]} 24. Bc4 {[%clk 0:04:32]} Qa5 {[%clk 0:32:56]} 25.
Bd3 {[%clk 0:00:44]} b4 {[%clk 0:30:48]} 26. h4 {[%clk 0:00:39]} Qb6 {[%clk
0:29:25]} 27. Qf2 {[%clk 0:01:03]} h5 {[%clk 0:25:12]} 28. Rd1 {[%clk 0:00:56]}
Ke7 {[%clk 0:24:53]} 29. Rd2 {[%clk 0:01:14]} Rhc8 {[%clk 0:23:30]} 30. Kh2
{[%clk 0:01:40]} a5 {[%clk 0:22:57]} 31. Qe3 {[%clk 0:01:21]} Rg8 {[%clk
0:21:34]} 32. Qf2 {[%clk 0:01:10]} Bb5 {[%clk 0:15:08]} 33. Bxb5 {[%clk 0:01:15]}
Qxb5 {[%clk 0:15:34]} 34. R4d3 {[%clk 0:01:06]} Rgc8 {[%clk 0:14:33]} 35. Rxc3
{[%clk 0:01:32]} Rxc3 {[%clk 0:14:35]} 36. Qa7+ {[%clk 0:01:22]} Kf8 {[%clk
0:14:42]} 37. Rf2 {[%clk 0:01:29]} Qc5 {[%clk 0:13:39]} 38. Qxc5+ {[%clk
0:00:51]} Rxc5 {[%clk 0:14:06]} 39. Kg1 {[%clk 0:01:01]} Ke7 {[%clk 0:11:58]} 40.
Kf1 {[%clk 0:31:27]} Rc3 {[%clk 0:38:16]} 41. Ke1 {[%clk 0:27:49]} Kd7 {[%clk
0:33:49]} 42. Kd1 {[%clk 0:24:36]} Rg3 {[%clk 0:33:41]} 43. Ke1 {[%clk 0:21:00]}
Kc6 {[%clk 0:32:23]} 44. Kf1 {[%clk 0:17:36]} Kc5 {[%clk 0:28:52]} 45. Kg1 {[%clk
0:15:54]} Kd4 {[%clk 0:25:47]} 46. Rf1 {[%clk 0:13:03]} Re3 {[%clk 0:23:50]} 47.
Kf2 {[%clk 0:12:40]} Re4 {[%clk 0:23:23]} 48. Kf3 {[%clk 0:11:11]} Kc3 {[%clk
0:23:37]} 49. g4 {[%clk 0:11:03]} hxg4+ {[%clk 0:22:22]} 50. Kxg4 {[%clk
0:11:28]} Kxc2 {[%clk 0:22:44]} 51. Rf2+ {[%clk 0:11:46]} Kd3 {[%clk 0:22:13]}
52. a3 {[%clk 0:10:48]} Ke3 {[%clk 0:20:57]} 53. Rf1 {[%clk 0:10:08]} d4 {[%clk
0:19:40]} 54. axb4 {[%clk 0:10:10]} axb4 {[%clk 0:19:35]} 55. Re1+ {[%clk
0:10:16]} Kd3 {[%clk 0:20:01]} 56. Rc1 {[%clk 0:10:40]} Re2 {[%clk 0:19:22]} 57.
Rc4 {[%clk 0:10:54]} Ke3 {[%clk 0:19:37]} 58. Rxb4 {[%clk 0:10:51]} d3 {[%clk
0:19:55]} 59. Rb7 {[%clk 0:11:17]} d2 {[%clk 0:20:20]} 60. Rd7 {[%clk 0:11:33]}
Re1 {[%clk 0:20:36]} 0-1